|
|
แสดงรายละเอียดบรรณานุกรม |
|
|
Brief Record
: Get Marc (ISO 2709)
: E-mail record
: |
| LEADER 00000nama 2200000uu 4500 | |||
| 008 040531s2547 th m m a000 0 tha d | |||
| 020 974-91892-1-3 | |||
| 041 tha | |||
| 050 นว ช618จ | |||
| 100 ชุนจิ อิวาอิ | |||
| 245 จดหมายรัก 003 | |||
| 246 นวนิยาย | |||
| 250 2 | |||
| 260 กรุงเทพฯ ซีเอ็ดยูเคชั่น 2547 | |||
| 300 148 หน้า | |||
| 650 เรื่องสั้น | |||
| 998 2004-07-16 | |||
| คุณยังไม่ได้ล็อกอิน คุณสามารถมีกิจกรรมร่วมกับเว็บไซต์ได้ แต่ต้องล็อกอินก่อน :: |
|
| สถานะ | |||||||||
| 1. | หนังสือทั่วไป | นว ช618จ 2547 | On Shelf ขอยืม | ||||||
| [แสดง 1/1 รายการ] | |||||||||
| รายการใกล้เคียง หัวเรื่อง [เรื่องสั้น]
|
BibComment |
| คอมเมนท์ทรัพยากรรายการนี้ |
|
|